[Event "Hamburg HSK-B"]
[Site "Hamburg"]
[Date "1996.??.??"]
[Round "4"]
[White "Berg, Claus"]
[Black "Giffard, Nicolas"]
[Result "1-0"]
[WhiteElo "2395"]
[BlackElo "2400"]
[PlyCount "87"]
[EventDate "1996.10.03"]
[EventType "tourn"]
[EventRounds "9"]
[EventCountry "GER"]
[EventCategory "4"]
[SourceTitle "CBM 055 Extra"]
[Source "ChessBase"]
[SourceDate "1997.01.01"]
[SourceVersion "1"]
[SourceVersionDate "1997.01.01"]
[SourceQuality "1"]

1. d4 Nf6 2. Nf3 d6 3. Nc3 Bg4 4. e4 c6 5. h3 Bxf3 6. Qxf3 e5 7. Be3 Nbd7 8. g4 h6 9. h4 exd4 10. Bxd4 Ne5 11. Bxe5 dxe5 12. Rd1 Qe7 13. Bc4 Rd8 14. Ke2 Rd4 15. Bb3 g6 16. g5 Nh5 17. Qg4 Qc7 18. Kf3 hxg5 19. hxg5 Qd8 20. Ne2 Rxd1 21. Rxd1 Bd6 22. Kg2 Qc7 23. f4 exf4 24. e5 Be7 25. e6 f3+ 26. Qxf3 f6 27. Qd3 f5 28. Qd7+ Qxd7 29. Rxd7 Bxg5 30. Rxb7 Rh6 31. Ba4 Be7 32. Bxc6+ Kf8 33. Rxa7 Nf6 34. a4 Ng4 35. Nf4 g5 36. Nd5 Rh2+ 37. Kf1 Rh1+ 38. Ke2 Rh2+ 39. Kd1 Rh1+ 40. Kd2 Rh2+ 41. Kc3 Rh3+ 42. Kc4 Ne5+ 43. Kb5 Nxc6 44. Kxc6 1-0

[Event "Hamburg HSK-B"]
[Site "Hamburg"]
[Date "1996.??.??"]
[Round "6"]
[White "Berg, Claus"]
[Black "Tirard, Hugo"]
[Result "1-0"]
[WhiteElo "2395"]
[BlackElo "2395"]
[PlyCount "63"]
[EventDate "1996.10.03"]
[EventType "tourn"]
[EventRounds "9"]
[EventCountry "GER"]
[EventCategory "4"]
[SourceTitle "CBM 055 Extra"]
[Source "ChessBase"]
[SourceDate "1997.01.01"]
[SourceVersion "1"]
[SourceVersionDate "1997.01.01"]
[SourceQuality "1"]

1. d4 Nf6 2. Nf3 g6 3. Bg5 Bg7 4. Nbd2 0-0 5. c3 d6 6. e4 c5 7. Bd3 cxd4 8. cxd4 h6 9. Bh4 Nh5 10. 0-0 g5 11. Bg3 Nxg3 12. hxg3 g4 13. Nh4 Bxd4 14. Nf5 Bxf5 15. exf5 h5 16. Nb3 Bf6 17. f3 Qb6+ 18. Rf2 Bh4 19. Qd2 Bf6 20. fxg4 Nd7 21. g5 Be5 22. Raf1 f6 23. Qe2 fxg5 24. Qxh5 Nf6 25. Qxg5+ Kh8 26. Qh6+ Kg8 27. Qg6+ Kh8 28. Kh2 Rf7 29. Qxf7 Rg8 30. Rf4 Rg4 31. Rxg4 Nxg4+ 32. Kh3 1-0

[Event "Hamburg HSK-B"]
[Site "Hamburg"]
[Date "1996.??.??"]
[Round "1"]
[White "Berg, Claus"]
[Black "Trisic, Aleksandar"]
[Result "1-0"]
[WhiteElo "2395"]
[BlackElo "2285"]
[PlyCount "75"]
[EventDate "1996.10.03"]
[EventType "tourn"]
[EventRounds "9"]
[EventCountry "GER"]
[EventCategory "4"]
[SourceTitle "CBM 055 Extra"]
[Source "ChessBase"]
[SourceDate "1997.01.01"]
[SourceVersion "1"]
[SourceVersionDate "1997.01.01"]
[SourceQuality "1"]

1. d4 Nf6 2. c4 g6 3. Nc3 Bg7 4. e4 d6 5. f3 0-0 6. Bg5 c5 7. d5 e6 8. Qd2 exd5 9. cxd5 a6 10. a4 Nbd7 11. Nh3 Qa5 12. Ra3 Re8 13. Nf2 Ne5 14. Be2 c4 15. 0-0 Nfd7 16. f4 Nd3 17. Nxd3 cxd3 18. Bxd3 Nc5 19. Bb1 Qb4 20. f5 Qd4+ 21. Qxd4 Bxd4+ 22. Kh1 Bxc3 23. Rxc3 Nxe4 24. Bxe4 Rxe4 25. fxg6 hxg6 26. Rc7 Bf5 27. h3 Re2 28. Kg1 Rae8 29. g4 Rc2 30. Rxc2 Bxc2 31. Bf6 Bxa4 32. g5 Bc2 33. Kf2 Bf5 34. Rc1 Rc8 35. Re1 Kf8 36. Kg3 Re8 37. Bg7+ Kxg7 38. Rxe8 1-0

[Event "Hamburg HSK-B"]
[Site "Hamburg"]
[Date "1996.??.??"]
[Round "7"]
[White "Gustafsson, Jan"]
[Black "Berg, Claus"]
[Result "1/2-1/2"]
[WhiteElo "2340"]
[BlackElo "2395"]
[PlyCount "35"]
[EventDate "1996.10.03"]
[EventType "tourn"]
[EventRounds "9"]
[EventCountry "GER"]
[EventCategory "4"]
[SourceTitle "CBM 055 Extra"]
[Source "ChessBase"]
[SourceDate "1997.01.01"]
[SourceVersion "1"]
[SourceVersionDate "1997.01.01"]
[SourceQuality "1"]

1. d4 Nf6 2. c4 g6 3. Nc3 Bg7 4. e4 d6 5. Nf3 0-0 6. Be2 e5 7. 0-0 Na6 8. Be3 c6 9. dxe5 dxe5 10. Qxd8 Rxd8 11. Rfd1 Re8 12. h3 Bf8 13. Nd2 Nc5 14. b4 Ne6 15. c5 Nd4 16. Bd3 b6 17. Bxd4 exd4 18. Na4 1/2-1/2

[Event "Hamburg HSK-B"]
[Site "Hamburg"]
[Date "1996.??.??"]
[Round "2"]
[White "Hegeler, Frank"]
[Black "Berg, Claus"]
[Result "1/2-1/2"]
[WhiteElo "2285"]
[BlackElo "2395"]
[PlyCount "43"]
[EventDate "1996.10.03"]
[EventType "tourn"]
[EventRounds "9"]
[EventCountry "GER"]
[EventCategory "4"]
[SourceTitle "CBM 055 Extra"]
[Source "ChessBase"]
[SourceDate "1997.01.01"]
[SourceVersion "1"]
[SourceVersionDate "1997.01.01"]
[SourceQuality "1"]

1. d4 Nf6 2. Nf3 g6 3. g3 Bg7 4. Bg2 c5 5. c4 0-0 6. Nc3 cxd4 7. Nxd4 Nc6 8. 0-0 Ng4 9. e3 d6 10. b3 a6 11. Bb2 Nxd4 12. exd4 Nh6 13. Re1 Rb8 14. Nd5 e6 15. Ne3 b5 16. Qe2 bxc4 17. Nxc4 a5 18. d5 Bxb2 19. Qxb2 a4 20. Qd2 Nf5 21. dxe6 Bxe6 22. Rad1 1/2-1/2

[Event "Hamburg HSK-B"]
[Site "Hamburg"]
[Date "1996.??.??"]
[Round "9"]
[White "Stephan, Axel"]
[Black "Berg, Claus"]
[Result "1/2-1/2"]
[WhiteElo "2185"]
[BlackElo "2395"]
[PlyCount "95"]
[EventDate "1996.10.03"]
[EventType "tourn"]
[EventRounds "9"]
[EventCountry "GER"]
[EventCategory "4"]
[SourceTitle "CBM 055 Extra"]
[Source "ChessBase"]
[SourceDate "1997.01.01"]
[SourceVersion "1"]
[SourceVersionDate "1997.01.01"]
[SourceQuality "1"]

1. e4 c6 2. d3 d5 3. Nd2 Qc7 4. g3 e5 5. Bg2 Nf6 6. Ngf3 Bg4 7. 0-0 Nbd7 8. c3 dxe4 9. dxe4 a5 10. Qc2 Bc5 11. a4 0-0 12. h3 Bh5 13. Nc4 Rfe8 14. Re1 Bf8 15. b3 Rad8 16. Nh4 Nc5 17. Bg5 Ncd7 18. Kh2 h6 19. Be3 Bc5 20. f3 Bxe3 21. Nxe3 Nc5 22. Rad1 Rxd1 23. Rxd1 Qb6 24. Nc4 Qxb3 25. Qxb3 Nxb3 26. Rb1 Nc5 27. Nxa5 Nfd7 28. Rb4 Ra8 29. Nxb7 Nxa4 30. Nd6 Ndb6 31. Nhf5 c5 32. Rb5 Kf8 33. Ne3 f6 34. Nd5 Nxd5 35. exd5 Rd8 36. Nf5 Rxd5 37. c4 Rd2 38. Rb8+ Be8 39. f4 Nc3 40. fxe5 fxe5 41. Nxg7 Kxg7 42. Rxe8 e4 43. Kg1 Kf7 44. Re5 Kf6 45. Rxc5 e3 46. Bf3 Rf2 47. Bg4 Ne4 48. Rc6+ 1/2-1/2